Statistics for -end Vocabulary Words

Click here to take the quiz!

General Stats

  • This quiz has been taken 1,156 times
    (983 since last reset)
  • The average score is 14 of 24

Answer Stats

DefinitionAnswer% Correct
Saturday and SundayWeekend
96%
Loan out to someoneLend
94%
Curve in roadBend
88%
Be present at an eventAttend
86%
Repair (clothing)Mend
81%
Go downDescend
77%
Make longer or widerExtend
73%
Mix; combine foodBlend
71%
Imaginary; make believePretend
69%
Regular male companionBoyfriend
60%
Mean toIntend
58%
Unauthenticated mythLegend
57%
Edit or improve textAmend
55%
Pay money for goodsSpend
55%
SellVend
55%
Arrest for a crimeApprehend
53%
Protect from dangerDefend
53%
Grasp mentallyComprehend
50%
Go up, againReascend
46%
Fixed, regular allowanceStipend
46%
Commit an illegal actOffend
37%
Praise formallyCommend
33%
Member of the clergyReverend
30%
Surpass; exceedTranscend
5%

Score Distribution

Percentile by Number Answered

Percent of People with Each Score

Your Score History

You have not taken this quiz since the last reset